Cómo en Santiago
সংরক্ষণ করুন:
| প্রধান লেখক: | |
|---|---|
| বিন্যাস: | গ্রন্থ |
| ভাষা: | স্প্যানিশ |
| প্রকাশিত: |
Santiago
Nascimento
1975
|
| মালা: | Biblioteca popular Nascimento
|
| বিষয়গুলি: | |
| ট্যাগগুলো: |
ট্যাগ যুক্ত করুন
কোনো ট্যাগ নেই, প্রথমজন হিসাবে ট্যাগ করুন!
|
MARC
| LEADER | 00000nam a2200000 a 4500 | ||
|---|---|---|---|
| 001 | UCX6806 | ||
| 003 | CL-VaPUC | ||
| 005 | 20240410155058.0 | ||
| 008 | 930818e19750000CL |||||||||||||||||spa|d | ||
| 999 | |c 226764 |d 226762 | ||
| 040 | |c Pontificia Universidad Católica de Valparaíso | ||
| 082 | 0 | 4 | |a Ch862 |b BAR |2 21 |
| 100 | 0 | |a Barros Grez, Daniel |e author |9 313106 | |
| 245 | 1 | 0 | |a Cómo en Santiago |
| 246 | 1 | 0 | |a Cada oveja con su pareja |
| 246 | 1 | 3 | |a El ensayo de la comedia |
| 246 | 1 | 3 | |a El vividor |
| 260 | |a Santiago |b Nascimento |c 1975 | ||
| 300 | |a 319 p | ||
| 490 | 0 | |a Biblioteca popular Nascimento | |
| 583 | |a last modification |c 19930818 00:00:00 |k Rodrigo Vera | ||
| 650 | 0 | |a Dramas chilenos |2 CL-VaPUC |9 313819 | |
| 942 | |c BK |2 ddc | ||
| 945 | |d 19930818 00:00:00 | ||
| 952 | |0 0 |1 0 |4 0 |6 CH_862_000000000000000_BAR_1975 |7 0 |8 A |9 225355 |a BIBEDU |b BIBEDU |d 2019-11-15 |i 2940507 |o Ch862 BAR 1975 |p 2940507 |r 2019-11-15 |w 2019-11-15 |y BK |k LIT | ||